UM Logo

Facts about Israel/ (Record no. 7038)

MARC details
000 -LEADER
fixed length control field 00520nam a2200157 4500
008 - FIXED-LENGTH DATA ELEMENTS--GENERAL INFORMATION
fixed length control field 170717b xxu||||| |||| 00| 0 eng d
082 ## - DEWEY DECIMAL CLASSIFICATION NUMBER
Edition number 1999
Classification number DC 915.694
Item number F11
245 ## - TITLE STATEMENT
Title Facts about Israel/
Statement of responsibility, etc. edited by Ellen Hirsch
260 ## - PUBLICATION, DISTRIBUTION, ETC. (IMPRINT)
Place of publication, distribution, etc. Jerusalem, Israel:
Name of publisher, distributor, etc. Ahva Press,
Date of publication, distribution, etc. 1999.
300 ## - PHYSICAL DESCRIPTION
Extent 286 pages:
Other physical details color illustrations;
Dimensions 21 cm
650 #0 - SUBJECT ADDED ENTRY--TOPICAL TERM
9 (RLIN) 21298
Topical term or geographic name as entry element Israel -- Description and travel
650 #0 - SUBJECT ADDED ENTRY--TOPICAL TERM
9 (RLIN) 21299
Topical term or geographic name as entry element Israel -- History
650 #0 - SUBJECT ADDED ENTRY--TOPICAL TERM
9 (RLIN) 21300
Topical term or geographic name as entry element Jews -- History
700 ## - ADDED ENTRY--PERSONAL NAME
9 (RLIN) 21301
Personal name Hirsch, Ellen
Dates associated with a name editor
942 ## - ADDED ENTRY ELEMENTS (KOHA)
Source of classification or shelving scheme Dewey Decimal Classification
Koha item type Circulation
Holdings
Withdrawn status Lost status Source of classification or shelving scheme Damaged status Not for loan Collection code Home library Current library Date acquired Source of acquisition Total Checkouts Full call number Barcode Date last seen Copy number Price effective from Koha item type
    Dewey Decimal Classification     Circulation UM Digos College - LIC UM Digos College - LIC   Purchased   DC 915.694 F11 1999 24686 05/15/2025 1 07/17/2017 Circulation